NCAA Basketball: Top 100 All-Time - Points - Statistics

General Stats
  • This quiz has been taken 13 times
  • The average score is 9 of 100
Answer Stats
# Player Points School(s) % Correct
1 Pete Maravich 3,667 LSU
83%
41 Stephen Curry 2,635 Davidson
58%
18 Larry Bird 2,850 Indiana State
50%
37 David Robinson 2,669 Navy
42%
14 Danny Manning 2,951 Kansas
33%
16 Elvin Hayes 2,884 Houston
33%
3 Freeman Williams 3,249 Portland State
33%
T63 Jhivvan Jackson 2,551 UTSA
33%
5 Lionel Simmons 3,217 La Salle
33%
13 Oscar Robertson 2,973 Cincinnati
33%
T60 Reggie Williams 2,556 VMI
33%
68 Willie Jackson 2,535 Centenary
33%
59 Austin Carr 2,560 Notre Dame
25%
T84 Bill Bradley 2,503 Princeton
25%
50 Jimmer Fredette 2,599 BYU
25%
22 Allan Houston 2,801 Tennessee
17%
2 Antoine Davis 3,664 Detroit Mercy
17%
65 Calvin Murphy 2,548 Niagara
17%
7 Doug McDermott 3,150 Creighton
17%
T90 Jeff Martin 2,484 Murray State
17%
T73 Jordan Howard 2,524 Central Arkansas
17%
66 Keith Van Horn 2,542 Utah
17%
26 Markus Howard 2,761 Marquette
17%
27 R.J. Davis 2,725 North Carolina
17%
42 Troy Bell 2,632 Boston College
17%
89 Bonzi Wells 2,485 Ball State
8%
45 Calbert Cheaney 2,613 Indiana
8%
25 Caleb Love 2,762 North Carolina / Arizona
8%
4 Chris Clemons 3,225 Campbell
8%
97 Danny Ainge 2,467 BYU
8%
28 Hank Gathers 2,723 USC / Loyola Marymount
8%
12 Hersey Hawkins 3,008 Bradley
8%
76 Jaycee Carroll 2,522 Utah State
8%
46 Joe Dumars 2,612 McNeese
8%
32 Johni Broome 2,698 Morehead State / Auburn
8%
T60 Johnny Dawkins 2,556 Duke
8%
19 Mark Sears 2,839 Ohio / Alabama
8%
8 Max Abmas 3,132 Oral Roberts / Texas
8%
30 Reggie Lewis 2,708 Northeastern
8%
T73 Ronnie McCollum 2,524 Centenary
8%
71 Shawn Respert 2,531 Michigan State
8%
51 Terrance Bailey 2,591 Wagner
8%
17 Tyler Hansbrough 2,872 North Carolina
8%
29 Tyler Haws 2,720 BYU
8%
38 Wayman Tisdale 2,661 Oklahoma
8%
15 Alfredrick Hughes 2,914 Loyola Chicago
0%
6 Alphonso Ford 3,165 Mississippi Valley State
0%
58 Andrew Goudelock 2,571 Charleston
0%
72 Andrew Toney 2,526 Louisiana
0%
T90 Bimbo Coles 2,484 Virginia Tech
0%
36 Bo McCalebb 2,679 New Orleans
0%
T79 Bryant Stith 2,516 Virginia
0%
33 Byron Larkin 2,696 Xavier
0%
T84 Caleb Green 2,503 Oral Roberts
0%
54 Calvin Natt 2,581 UL Monroe
0%
82 Charles Jenkins 2,513 Hofstra
0%
31 Daren Queenan 2,703 Lehigh
0%
34 Darius McGhee 2,685 Liberty
0%
55 Derrick Chievous 2,580 Missouri
0%
52 Dickie Hemric 2,587 Wake Forest
0%
T99 D.J. Balentine 2,464 Evansville
0%
48 Don MacLean 2,608 UCLA
0%
T95 Eddie Benton 2,474 Vermont
0%
T79 Fletcher Magee 2,516 Wofford
0%
67 Frank Selvy 2,538 Furman
0%
93 Garrison Mathews 2,478 Lipscomb
0%
56 Graham Ike 2,575 Wyoming / Gonzaga
0%
T95 Grant Riller 2,474 Charleston
0%
10 Harry Kelly 3,066 Texas Southern
0%
49 Henry Domercant 2,602 Eastern Illinois
0%
23 Hunter Dickinson 2,800 Michigan / Kansas
0%
44 Jahmir Young 2,626 Charlotte / Maryland
0%
86 Jeff Grayer 2,502 Iowa State
0%
35 Jermaine Marrow 2,680 Hampton
0%
24 JJ Redick 2,769 Duke
0%
53 Joe Jakubick 2,583 Akron
0%
92 John Gerdy 2,483 Davidson
0%
40 Jon Elmore 2,638 Marshall
0%
21 Kevin Bradshaw 2,804 Bethune-Cookman / US International
0%
11 Keydren Clark 3,058 Saint Peter's
0%
94 Luke Harangody 2,476 Notre Dame
0%
47 Mark Macon 2,609 Temple
0%
98 Marques Warrick 2,465 Northern Kentucky / Missouri
0%
43 Michael Brooks 2,628 La Salle
0%
88 Michael Watson 2,488 UMKC
0%
9 Mike Daum 3,067 South Dakota State
0%
T77 Mike Olliver 2,518 Lamar
0%
T99 Nick Fazekas 2,464 Nevada
0%
20 Otis Birdsong 2,832 Houston
0%
T63 Rodney Monroe 2,551 NC State
0%
T73 Ron Perry 2,524 Holy Cross
0%
62 Sean Elliott 2,555 Arizona
0%
57 Skip Henderson 2,574 Marshall
0%
T69 Steve Burtt 2,534 Iona
0%
T69 Steve Rogers 2,534 Middle Tennessee / Alabama State
0%
39 Taevion Kinsey 2,641 Marshall
0%
87 Terry Dehere 2,494 Seton Hall
0%
83 Terry Taylor 2,507 Austin Peay
0%
T77 Tyler Hall 2,518 Montana State
0%
T79 Zach Edey 2,516 Purdue
0%
No matching quizzes found
Score Distribution
Percent of People with Each Score
Percentile by Number Answered
Your Score History
You have not taken this quiz